00755nam a2200205Ia 4500999001500000020001800015082001700033100002200050245007400072260004500146300001400191504005000205650002400255650003500279650002300314650003700337650003000374942000700404952013800411 c5041d5041 a0-19-565610-5 a342.54 AUS-W aAustin, Granville 0aWorking a democratic constitution: a history of the Indian experience aNew DelhibOxford University Pressc2006 axvii, 771 aincludes bibliographical references and index aConstitutionzIndia aIndiavPolitics and government aLegislationzIndia aConstitutional amendmentszIndia aConstitutional lawzIndia cBK 00104070aNASSDOCbNASSDOCd2006-05-16eGOVINDi2006-03-03l1o342.54 AUS-Wp41795r2026-02-06 15:34:23s2026-02-03w2019-04-18yBK